History Quiz

Random History or Biography Quiz

Famous Historical 'R' First Names Quiz Stats

Quiz Updated Oct 10, 2015

Challenge
Share
Tweet
Embed
Score 0/30 Timer 05:00
2 Plays Today
% Correct
Ronald
95.7%
Rosa
89.1%
Robert
88.7%
Rita
88.2%
Rudyard
86.9%
Ray
85.5%
Rutherford
85%
Ralph
82.2%
Rocky
79.1%
Raúl
78.5%
Roy
78.4%
Rembrandt
73.9%
Rajiv
72.2%
Roger
70.1%
Richard
67.9%
% Correct
Raymond
64.3%
Rudolf
63.1%
Roald
62.8%
René
56.8%
Raisa
56.4%
Rose
55.6%
Rania
52.4%
Rachel
47.1%
Ramsay
47%
Rafael
46.3%
Romano
42.4%
Rebecca
42.3%
Rigoberta
33.2%
Rosalind
29%
Roza
27.5%

You're not logged in!

Compare scores with friends on all Sporcle quizzes.
Sign Up with Email
OR
Log In

You Might Also Like...

Show Comments

Extras

Top Quizzes Today


Score Distribution

Your Account Isn't Verified!

In order to create a playlist on Sporcle, you need to verify the email address you used during registration. Go to your Sporcle Settings to finish the process.